10 Most Populated French Speaking Cities Outside France - Statistics

General Stats
  • This quiz has been taken 82 times
  • The average score is 6 of 10
Answer Stats
Pop Answer % Correct
9 Million Kinshasa
88%
3.8 Million Montreal
88%
2.4 Million Dakar
85%
7.1 Million Abidjan
71%
2.4 Million Yaounde
69%
1.6 Million Bamako
63%
2.4 Million Port-Au-Prince
62%
2.4 Million Douala
48%
1.7 Million Ouagadougou
38%
1.7 Million Lubumbashi
31%
No matching quizzes found
Score Distribution
Percent of People with Each Score
Percentile by Number Answered
Your Score History
You have not taken this quiz